000 00508cam a2200205ua 4500
001 12040
005 20260515114829.0
008 200210n ii |||gr||||Z||||||eng
020 _a9789383529049
040 _cMAIN
041 _aeng
082 _a823
245 _aRK Narayans Swami and friends
250 _a1st ed.
260 _a[s.l]:
_bAarti book centre,
_c2020.
_aDelhi:
_bOptimus publications,
300 _a152p.
653 _aEnglish fiction
653 _aIndian novel in English
942 _cBK
999 _c10812
_d10812